Sus mejores poemas: Selección de Pedro Prado

Zapisane w:
Opis bibliograficzny
1. autor: Magallanes Moure, Manuel (autor)
Format: Książka
Język:hiszpański
Wydane: Santiago Nascimento, Ahumada 125 1926
Wydanie:1a. ed
Hasła przedmiotowe:
Etykiety: Dodaj etykietę
Nie ma etykietki, Dołącz pierwszą etykiete!

MARC

LEADER 00000nam a2200000 a 4500
001 UCJ4973
003 CL-VaPUC
005 20210805001708.0
008 070124e19260000CL |||||||||||||||||spa|d
999 |c 321087  |d 321085 
040 |c Pontificia Universidad Católica de Valparaíso 
082 0 4 |a Ch861  |b MAG  |2 21 
100 |a Magallanes Moure, Manuel  |e autor  |9 861947 
245 1 0 |a Sus mejores poemas: Selección de Pedro Prado 
250 |a 1a. ed 
260 |a Santiago  |b Nascimento, Ahumada 125  |c 1926 
300 |a 184 p 
583 |a last modification  |c 20070124 00:00:00  |k Rodrigo Vera 
600 0 7 |a PRADO, PEDRO  |2 CL-VaPUC  |9 315575 
650 0 |a Poesía chilena   |9 268403 
650 0 |a Crítica literaria   |9 269189 
942 |c BK  |2 ddc 
945 |d 20070124 00:00:00  |a rinostro 
952 |0 0  |1 0  |4 0  |6 CH_861_000000000000000_MAG_1926  |7 0  |8 X  |9 399749  |a FDOBUD  |b FDOBUD  |d 2019-11-22  |i 1028405  |o Ch861 MAG 1926  |p 1028405  |r 2019-11-22  |w 2019-11-22  |y BK_X  |k BUD